000 00728nam a2200253Ia 4500
003 OSt
005 20221005045705.0
006 a|||||r|||| 00| 0
007 ta
008 221004b |||||||| |||| 00| 0 ben d
020 _c150
024 _a27242
037 _bM/2009/18, 14/03/2009, Mukta Dhara
_cTextual
040 _aCRL
_cCRL
_bben
041 _2ben
_aben
082 _aO157,3N474x, P8
100 _aBandopadhyay Tapan
245 0 _aAamar ekannoti galpo
260 _aKolkata
_bEkushshatak India
_c2008
300 _a403p.
_ccm.
650 _aBENGALI LITERATURE
942 _hO157,3N474x, P8
_cTEXL
_2cc
999 _c955543
_d955543